Countries by Latitude and Longitude - Statistics

General Stats
  • This quiz has been taken 410 times
  • The average score is 9 of 20
Answer Stats
location country % Correct
55°N 42°E Russia
93%
23°S 69°W Chile
70%
48°N 0°W France
66%
0°N 37°E Kenya
60%
35°N 61°E Iran
47%
27°N 107°W Mexico
47%
39°N 140°E Japan
45%
35°N 62°E Afghanistan
43%
27°S 24°E South Africa
41%
45°N 10°E Italy
40%
36°N 62°E Turkmenistan
40%
27°N 4°E Algeria
37%
34°N 103°E China
34%
7°N 126°E Philippines
30%
18°S 144°E Australia
29%
70°N 28°E Finland
28%
10°S 75°W Peru
27%
22°N 80°W Cuba
26%
18°S 178°E Fiji
26%
52°N 19°E Poland
25%
No matching quizzes found
Score Distribution
Percent of People with Each Score
Percentile by Number Answered
Your Score History
You have not taken this quiz